[Event "Cairo Egyptian op"]
[Site "Cairo"]
[Date "2016.04.25"]
[Round "5"]
[White "Ateya, Mamdouh"]
[Black "Magdy, Morad"]
[Result "0-1"]
[WhiteElo "1585"]
[BlackElo "2083"]
[PlyCount "90"]
[EventDate "2016.04.22"]
[EventType "swiss"]
[EventRounds "9"]
[EventCountry "EGY"]
[SourceTitle "CBM 172 Extra"]
[Source "ChessBase"]
[SourceDate "2016.06.21"]
[SourceVersion "1"]
[SourceVersionDate "2016.06.21"]
[SourceQuality "1"]

1. e4 c5 2. c4 Nc6 3. Nc3 g6 4. d3 Bg7 5. Nge2 e6 6. h3 Nge7 7. g3 d5 8. cxd5 exd5 9. exd5 Nxd5 10. Bg2 Ndb4 11. Be4 f5 12. Bxc6+ bxc6 13. Nf4 Ba6 14. Qe2+ Qe7 15. Qxe7+ Kxe7 16. 0-0 Nxd3 17. Nxd3 Bxd3 18. Re1+ Kf7 19. Be3 c4 20. Bc5 Bf6 21. f4 Rab8 22. Ba3 h5 23. h4 Rhe8 24. Kf2 Bd4+ 25. Kg2 c5 26. Rac1 Red8 27. Kf3 Rd7 28. Red1 Re7 29. Re1 Rbe8 30. Rxe7+ Rxe7 31. Kg2 Re3 32. Rd1 Ke6 33. Rd2 Re1 34. Kf3 Be3 35. Rg2 Bd4 36. Rd2 Be4+ 37. Nxe4 fxe4+ 38. Kg2 e3 39. Rc2 Kd5 40. b4 cxb3 41. axb3 Rd1 42. Bc1 Ke4 43. Bxe3 Kxe3 44. Kh2 Rb1 45. Ra2 Rb2+ 0-1